|
|
|
|
| LEADER |
00000nbm0a2200000 4500 |
| 001 |
136225 |
| 005 |
20231031140357.0 |
| 035 |
|
|
|a (RuTPU)RU\TPU\book\147633
|
| 090 |
|
|
|a 136225
|
| 100 |
|
|
|a 20080421d1970 k y0rusy50 ca
|
| 101 |
0 |
|
|a rus
|
| 102 |
|
|
|a RU
|
| 105 |
|
|
|a a m 001zy
|
| 200 |
1 |
|
|a Изучение закономерностей пространственного распределения магнитного поля на теоретических моделях и их использование при поисках и разведке железорудных месторождений
|e Диссертация на соискание ученой степени кандидата геолого- минералогических наук
|f Л. С. Константинова
|g Сибирский научно-исследовательский институт геологии, геофизики и минерального сырья (СНИИГГиМС)
|
| 210 |
|
|
|a Новосибирск
|d 1970
|
| 215 |
|
|
|a 564 л.
|c ил.
|
| 320 |
|
|
|a Библиогр.: с. 207 - 221 ( 132 назв.)
|
| 610 |
1 |
|
|a магнитное поле
|
| 610 |
1 |
|
|a пространственное распределение
|
| 610 |
1 |
|
|a теоретические модели
|
| 610 |
1 |
|
|a использование
|
| 610 |
1 |
|
|a поиск
|
| 610 |
1 |
|
|a разведка
|
| 610 |
1 |
|
|a железорудные месторождения
|
| 610 |
1 |
|
|a магнитные аномалии
|
| 610 |
1 |
|
|a диаграммы
|
| 610 |
1 |
|
|a намагниченность
|
| 610 |
1 |
|
|a интерпретация
|
| 610 |
1 |
|
|a геологические разрезы
|
| 610 |
1 |
|
|a геологические исследования
|
| 610 |
1 |
|
|a диссертации
|
| 675 |
|
|
|a 550.83.8(04)
|v 3
|
| 675 |
|
|
|a 553.31(04)
|v 3
|
| 700 |
|
1 |
|a Константинова
|b Л. С.
|
| 712 |
0 |
2 |
|a Сибирский научно-исследовательский институт геологии, геофизики и минерального сырья (СНИИГГиМС)
|c (Новосибирск)
|2 stltpush
|3 (RuTPU)RU\TPU\col\322
|
| 801 |
|
1 |
|a RU
|b 63413507
|c 20080421
|g PSBO
|
| 942 |
|
|
|c BK
|